Normale Ansicht MARC-Ansicht ISBD

Intelligencija. Obščestvo. Vlast'. : (Titelsatznr. 12844)

[ MARC ]
MARC-Details
000 -Satzkennung
Kontrollfeld mit fester Länge 00543nam a22001691c 4500
001 - Kontrollnummer
Kontrollfeld a987654739
008 - Feld mit fester Länge zur physischen Beschreibung - Allgemeine Angaben
Kontrollfeld mit fester Länge 061128s1995 gw |||| 000u rus d
041 ## - Sprachcode
Sprachcode des Textes/der Tonspur oder des separaten Titels rus
040 ## - Katalogisierungsquelle
Übertragungsstelle RU-10907106
003 - Kontrollnummer Identifier
Kontrollfeld RU-10907106
245 00 - Titel
Titel Intelligencija. Obščestvo. Vlast'. :
Zusatz zum Titel opyt vzaimootnošenij (1917 - konec 1930-x g.g.) ; sbornik naučnych trudov
264 ## - Produktion, Veröffentlichung, Distribution, Herstellung und Urheberrechtsvermerk
Herstellungs-, Veröffentlichungs- Vertriebs-, Erzeugungsort Novosibirsk,
Datum der Herstellung, der Veröffentlichung, des Vertriebs oder des Urheberschutzvermerks 1995
300 ## - Physische Beschreibung
Umfang 113 S.
700 1# - Nebeneintragung - Personenname
Personenname Krasil'nikov, Sergej A.
Funktionsbezeichnung HerausgeberIn
710 2# - Nebeneintragung - Körperschaftsname
Körperschafts- oder Gebietskörperschaftsname als Eintragungselement Rossijskaja Akademija nauk / Institut istorii <Novosibirsk>
942 ## - Zusätzliche Felder (Koha)
Koha-Medientyp Monographien
Exemplare
Ausgeschieden Verloren Klassifikation oder Aufstellungssystematik Beschädigt Nicht entleihbar Heimatbibliothek Aufenthaltsbibliothek Aufstellungsort Erwerbungsdatum Inventarnummer Signatur Barcode Letzte Aktivität Preis gültig von Koha-Medientyp
    Andere/Generische Klassifikation     MWN Osteuropa MWN Osteuropa Magazin - 2 28/11/2006 06-05557 R 62 f Kra E0040150790EE916 23/02/2021 22/03/2021 Monographien